| 000 | 01011cam a2200229 a 4500 | ||
|---|---|---|---|
| 005 | 20180803165213.0 | ||
| 008 | 140317s2005 ck abdogr||||o000 0 spa d | ||
| 020 | _a958975483X | ||
| 040 |
_aCO-BoIAVH _cCO-BoIAVH |
||
| 041 | 0 | _aspa | |
| 044 | _ack | ||
| 082 | 0 | 4 |
_a599.55 _bC13p |
| 110 | 2 |
_aColombia _bMinisterio de Ambiente, Vivienda y Desarrollo Territorial |
|
| 245 | 1 | 0 |
_aPrograma nacional de manejo y conservación de manatíes en Colombia / _cMinisterio de Ambiente, Vivienda y Desarrollo Territorial , Fundación omacha |
| 260 | 3 |
_aBogotá : _aVivienda y Desarrollo Territorial : _a Fundación omacha : _bMinisterio de Ambiente, _c2005. |
|
| 300 |
_a176 páginas : _bIlustraciones, fotografías, mapas, tablas; _c28 x 21 cm. |
||
| 504 | _aIncluye bibliografía al final de cada capitulo | ||
| 650 | 4 |
_aManatí _vPrograma _xConservación _zColombia |
|
| 650 | 4 |
_aManatí _vPrograma _xProtección _zColombia |
|
| 650 | 4 |
_aManatí _vPrograma _xManejo _zColombia |
|
| 942 |
_cLIBRO _2ddc |
||
| 999 |
_c4618 _d4618 |
||